Malta map - Statistics

General Stats
  • This quiz has been taken 10 times
  • The average score is 8 of 19
Answer Stats
Hint Answer % Correct
B Comino
83%
C Gozo
83%
A Malta
83%
b Rabat
67%
h Bugibba
50%
a Marsaxlokk
50%
c Mdina
50%
e Sliema
50%
f St.-Julians
50%
k Victoria
50%
i St.-Paul's Bay
33%
1 Blue Grotto
17%
4 Ggantija
17%
d La Valetta
17%
D Middellandse Zee
17%
3 Popeye Village
17%
g Qawra
17%
2 Hagar Qim
0%
j Melieha
0%
No matching quizzes found
Score Distribution
Percent of People with Each Score
Percentile by Number Answered
Your Score History
You have not taken this quiz